000 00745nam a2200253 i 4500
001 89993
003 ES-MaACL
005 20250511063032.0
007 t|
008 050117s1973 sp |||| |dspa d
080 _a860-1"19"
100 1 _aLázaro, Ángel,
_9240342
_d1900-1985
_eaut
245 1 0 _aHomenaje a Aurelio Arteta /
_cÁngel Lázaro.
260 _aMadrid :
_bNuevas Gráficas,
_c1973.
300 _a27 p. ;
_c25 cm.
586 _aPremio Internacional León Felipe
600 1 4 _aArteta, Aurelio.
_923456
655 7 _2tgfbne
_9226850
_aHomenajes
852 _aES-MaACL
_j2119-F-15
_cDEPOF
852 _aES-MaACL
_j2091-F-22
942 _2udc
_cFOLLETOS
_n0
999 _c89993
_d89993